000 00985cam a22002054a 4500
005 20250605164033.0
008 250528s ||||||||||||||||||||||||d
035 _a16720
020 _a9603220051
040 _aGR-AtMCL
_bgre
_dGR-AtMCL
_eAACR2
245 1 _aΙστορία του Ελληνικού Κινηματογράφου.
_nΑ' Τόμος
260 _bΑιγόκερως,
_c1988
300 _a240
505 0 _aΤα Πρώτα Χρόνια, Οι Δεκαετίες του '20 και του '30, Η Περίοδος της Κατοχής, Τα Πρώτα Μεταπολεμικά Χρόνια, Η Δεκαετία του '50.
520 _aΤα Πρώτα Χρόνια, Οι Δεκαετίες του '20 και του '30, Η Περίοδος της Κατοχής, Τα Πρώτα Μεταπολεμικά Χρόνια, Η Δεκαετία του '50.
700 1 _aΣολδατός Γιάννης
_92716
942 _cBK
999 _c2193
_d2193